Las fantásticas : (Registro nro. 10509)

Detalles MARC
000 -LIDER
fixed length control field 01220nam a22003377a 4500
001 - NÚMERO DE CONTROL
Identificador de número de control 0008588
003 - IDENTIFICACDOR DE NÚMERO DE CONTROL
control field DO-SdBNP
005 - DATE AND TIME OF LATEST TRANSACTION
control field 20171109110730.0
007 - CAMPOS FIJOS DE DESCRIPCIÓN FÍSICA
fixed length control field 0008588
008 - ELEMENTOS DE LONGITUD FIJA
fixed length control field 160622b 2009 flu sp ||||| |||| 00| 0 spa d
020 ## - ISBN
International Standard Book Number 1603966595
020 ## - ISBN
International Standard Book Number 9781603966597
040 ## - FUENTE DE CATALOGACIÓN
Agencia que crea de manera original el registro BPMSU
Idioma de catalogación spa
Agencia que realiza la transcripción BPMSU
082 #4 - NÚMERO DE CLASIFICACIÓN DECIMAL DE DEWEY
Classification number 363.45
Item number L864f
100 1# - ASIENTO PRINCIPAL -- NOMBRE PERSONAL
Nombre personal López López, Andrés,
Fechas asociadas con el nombre 1971-
245 10 - MENCIÓN DE TITULO
Título Las fantásticas :
Subtítulo las mujeres de El cartel un viaje al extraordinario mundo de las mujeres de los narcos /
Mención de responsabilidad Andrés López López y Juan Camilo Ferrand.
246 10 - VARIACION DEL TÍTULO
Título propiamente dicho o título corto Las fantásticas :
Subtítulo las muñecas de la mafia
250 ## - MENCIÓN DE EDICION
Mención de edición 2a ed.
260 ## - PUBLICACIÓN, DISTRIBUCIÓN, ETC. (PIE DE IMPRENTA)
Lugar de publicación, distribución, etc Doral, F L :
Nombre del editor, distribuidor, etc. Aguilar,
Fecha de publicación, distribución, etc 2009.
300 ## - DESCRIPCIÓN FÍSICA
Extensión 477 p. ;
Dimensiones 23 cm.
500 ## - NOTA GENERAL
Nota general Incluye datos biográficos de los autores : p.477
500 ## - NOTA GENERAL
Nota general Un viaje al extraordinario mundo de las mujeres de los narcos.
650 #4 - ENCABEZAMIENTO DE MATERIA--TEMÁTICO
Término temático o nombre geográfico como elemento de entrada NARCOTRÁFICO
Subdivisión geográfica COLOMBIA
Subdivisión temática general RELATOS PERSONALES
650 #4 - ENCABEZAMIENTO DE MATERIA--TEMÁTICO
Término temático o nombre geográfico como elemento de entrada PROSTITUCIÓN
Subdivisión geográfica COLOMBIA
Subdivisión temática general RELATOS PERSONALES
650 #4 - ENCABEZAMIENTO DE MATERIA--TEMÁTICO
Término temático o nombre geográfico como elemento de entrada NARCOTRÁFICO
700 12 - ASIENTO SECUNDARIO -- NOMBRE PERSONAL
Nombre personal Ferrand, Juan Camilo,
Fechas asociadas con el nombre 1976-
910 ## - VALIDACIÓN
Validación Validado. Control de calidad MFF
942 ## - ADDED ENTRY ELEMENTS (KOHA)
Source of classification or shelving scheme Dewey Decimal Classification
Koha item type Libros
945 ## - INFORMACIÓN DE PROCESAMIENTO LOCAL
Información de procesamiento local Inventariado, 2017/MFF
956 ## - LOCAL ELECTRONIC LOCATION AND ACCESS (OCLC)
Método de acceso LOPEREZ
Materiales especificados 10
Enlace 20160622
Campo enlazado y núm. de secuencia BPMSU
Nombre de host 00041
Existencias
Withdrawn status Lost status Source of classification or shelving scheme Damaged status Not for loan Collection code Home library Current library Date acquired Source of acquisition Total Checkouts Full call number Barcode Date last seen Price effective from Koha item type Copy number
    Dewey Decimal Classification     Colección General Biblioteca Pública Metropolitana Salomé Ureña Biblioteca Pública Metropolitana Salomé Ureña 06/22/2016 Alfaguara   363.45 L864f BPMSU16060381 06/22/2016 06/22/2016 Libros  
    Dewey Decimal Classification     Colección General Biblioteca Pública Metropolitana Salomé Ureña Biblioteca Pública Metropolitana Salomé Ureña 06/22/2016 Alfaguara   363.45 L864f BPMSU16060382 06/22/2016 06/22/2016 Libros e. 2
    Dewey Decimal Classification     Colección General Biblioteca Pública Metropolitana Salomé Ureña Biblioteca Pública Metropolitana Salomé Ureña 06/22/2016 Alfaguara   363.45 L864f BPMSU16060383 06/22/2016 06/22/2016 Libros e. 3